000 00595nam a22002057a 4500
003 OSt
005 20161005195115.0
008 160516b xxu||||| |||| 00| 0 eng d
020 _a0521810612
040 _cDDC.
082 _a591.5OWE 2002.
100 _aOwen-Smith,Norman;
_98828
245 _aAdaptive Herbivore Ecology:
_bfrom Resources to populations in variable environment.
260 _bCambridge University Press.
_c2002.
300 _axvi,374p;
_bill;
_c24cm.
504 _aincludes references and index.
650 _aBiology.
_95602
650 _aEcology
_9544
942 _2ddc
_cSLOAN
999 _c4062
_d4062